<?xml version="1.0" encoding="UTF-8"?><?xml-stylesheet type="text/xsl" href="static/style.xsl"?><OAI-PMH xmlns="http://www.openarchives.org/OAI/2.0/" xmlns:xsi="http://www.w3.org/2001/XMLSchema-instance" xsi:schemaLocation="http://www.openarchives.org/OAI/2.0/ http://www.openarchives.org/OAI/2.0/OAI-PMH.xsd"><responseDate>2026-04-28T01:15:59Z</responseDate><request verb="GetRecord" identifier="oai:uvadoc.uva.es:10324/2084" metadataPrefix="marc">https://uvadoc.uva.es/oai/request</request><GetRecord><record><header><identifier>oai:uvadoc.uva.es:10324/2084</identifier><datestamp>2024-05-27T12:41:23Z</datestamp><setSpec>com_10324_1175</setSpec><setSpec>com_10324_931</setSpec><setSpec>com_10324_894</setSpec><setSpec>col_10324_1355</setSpec></header><metadata><record xmlns="http://www.loc.gov/MARC21/slim" xmlns:doc="http://www.lyncode.com/xoai" xmlns:xsi="http://www.w3.org/2001/XMLSchema-instance" xmlns:dcterms="http://purl.org/dc/terms/" xsi:schemaLocation="http://www.loc.gov/MARC21/slim http://www.loc.gov/standards/marcxml/schema/MARC21slim.xsd">
<leader>00925njm 22002777a 4500</leader>
<datafield tag="042" ind1=" " ind2=" ">
<subfield code="a">dc</subfield>
</datafield>
<datafield tag="720" ind1=" " ind2=" ">
<subfield code="a">Martín Jiménez, Alfonso</subfield>
<subfield code="e">author</subfield>
</datafield>
<datafield tag="260" ind1=" " ind2=" ">
<subfield code="c">1993</subfield>
</datafield>
<datafield tag="520" ind1=" " ind2=" ">
<subfield code="a">En su novela "La inmortalidad", Milan Kundera trata el tema de la adaptación de la novela al cine, desarrollando una serie de estrategias encaminadas a volver imposible la adaptación de su novela al cine, como había ocurrido con su obra anterior, "La insoportable levedad del ser". Sin embargo, solo la extensa representación del componente ensayístico-argumentativo propio del mundo del autor, común a muchas de sus novelas, garantiza que la adaptación al cine sea imposible. El cine puede representar sin dificultad el mundo de los personajes, pero encuentra más dificultades para desarrollar el componente argumentativo del mundo del autor.  Mientras que en la novela es posible suspender la relación de acontecimientos protagonizados por los personajes para dar paso a las reflexiones del autor-narrador, por extensas que puedan ser, el cine no puede llevar a cabo una interrupción semejante de la acción para incluir las reflexiones del director, pues ninguno de los recursos que podría utilizar (como el uso de la voz en "off" o la inclusión de rótulos escritos sobre las imágenes) produce un efecto verdaderamente equiparable. Por ello, la novela encuentra su ámbito más específico frente al cine en el desarrollo cada vez más notable del componente argumentativo del mundo del autor.</subfield>
</datafield>
<datafield tag="024" ind2=" " ind1="8">
<subfield code="a">Koinè. Annali della Scuola Superiore per Interpreti e Traduttori «San Pellegrino», 1993, 3, p. 93-108</subfield>
</datafield>
<datafield tag="024" ind2=" " ind1="8">
<subfield code="a">autorizzazione del Tribunale di Rimini n.10/91 del 18 aprile 1991</subfield>
</datafield>
<datafield tag="024" ind2=" " ind1="8">
<subfield code="a">http://uvadoc.uva.es/handle/10324/2084</subfield>
</datafield>
<datafield tag="024" ind2=" " ind1="8">
<subfield code="a">93</subfield>
</datafield>
<datafield tag="024" ind2=" " ind1="8">
<subfield code="a">3</subfield>
</datafield>
<datafield tag="024" ind2=" " ind1="8">
<subfield code="a">108</subfield>
</datafield>
<datafield tag="024" ind2=" " ind1="8">
<subfield code="a">Koinè. Annali della Scuola Superiore per Interpreti e Traduttori «San Pellegrino» (Universita degli Studi di Urbino, Italia)</subfield>
</datafield>
<datafield ind1=" " ind2=" " tag="653">
<subfield code="a">Cine y literatura</subfield>
</datafield>
<datafield ind1=" " ind2=" " tag="653">
<subfield code="a">Kundera, Milan (1929-). La inmortalidad-Crítica textual</subfield>
</datafield>
<datafield tag="245" ind1="0" ind2="0">
<subfield code="a">La representación de mundos en la novela y en el cine. A propósito de "La inmortalidad", de Milan Kundera</subfield>
</datafield>
</record></metadata></record></GetRecord></OAI-PMH>